00513nam a2200169Ia 4500999001700000003000400017005001700021008004100038040000900079082002000088100002200108245008600130260005300216300000900269650001900278942004600297 c19803d19803OSt20201113093750.0190216s9999||||xx |||||||||||||| ||und|| coclc a891.2249bVAI/E aVaidya, C V96320 0aEpic India :bIndia as Described in the Mahabharataha and Ramayana /cC V Vaidya  bCosmo Publications New Delhi,c1974.aNew delhi: a516p aIndian History cBK2ddch891.2249iVAI/Ek891.2249mVAI/E